Normal view
MARC view
Entry Personal Name
001 - CONTROL NUMBER
- control field: 1237283
003 - CONTROL NUMBER IDENTIFIER
- control field: OSt
005 - DATE AND TIME OF LATEST TRANSACTION
- control field: 20260430150352.0
008 - FIXED-LENGTH DATA ELEMENTS
- fixed length control field: 260430|| aca||aabn | a|a d
040 ## - CATALOGING SOURCE
- Original cataloging agency: OSt
- Transcribing agency: OSt
100 ## - HEADING--PERSONAL NAME
- Personal name: Ojha Puneet Kumar Au.; Roy Sanjoy Gu
670 ## - SOURCE DATA FOUND
- Source citation: Work cat.: (OSt)1849620: Ojha Puneet Kumar Au.; Roy Sanjoy Gu., Malnutrition Amongst Children: A Study of Health Programmes of Ramakrishna Mission Varanasi, 2023
